Catálogo - Centro de Recursos para el Aprendizaje y la Investigación
Volver al Sitio - CRAI Biblioteca| 000 -CABECERA | |
|---|---|
| campo de control de longitud fija | 01946nam a2200361 4500 |
| 001 - NÚMERO DE CONTROL | |
| campo de control | 113810 |
| 003 - IDENTIFICADOR DEL NÚMERO DE CONTROL | |
| campo de control | DR-UNIBE |
| 005 - FECHA Y HORA DE LA ÚLTIMA TRANSACCIÓN | |
| campo de control | 20250709084040.0 |
| 008 - DATOS DE LONGITUD FIJA--INFORMACIÓN GENERAL | |
| campo de control de longitud fija | 250701b2009 ho ||||| |||| 00| 0 spa d |
| 040 ## - FUENTE DE LA CATALOGACIÓN | |
| Centro catalogador/agencia de origen | BIBLIOTECA UNIBE |
| Lengua de catalogación | spa |
| Centro/agencia transcriptor | BIBLIOTECA UNIBE |
| Normas de descripción | rda |
| 041 ## - CÓDIGO DE LENGUA | |
| Código de lengua del texto/banda sonora o título independiente | spa |
| 082 ## - NÚMERO DE LA CLASIFICACIÓN DECIMAL DEWEY | |
| Número de edición | 22 |
| Número de clasificación | 372.41 L566c |
| 245 10 - MENCIÓN DE TÍTULO | |
| Título | Lengua, comunicación e innovación en el aula : |
| Resto del título | una utopía posible / |
| 250 ## - MENCIÓN DE EDICIÓN | |
| Mención de edición | Segunda edición |
| 260 ## - PUBLICACIÓN, DISTRIBUCIÓN, ETC. | |
| Lugar de publicación, distribución, etc. | Tegucigalpa: |
| Nombre del editor, distribuidor, etc. | CETT/CA-RD : |
| -- | UPNFM, |
| Fecha de publicación, distribución, etc. | 2009 |
| 300 ## - DESCRIPCIÓN FÍSICA | |
| Extensión | 72, 79, 54, 54 páginas : |
| Otras características físicas | cuadros, tablas, fotos ; |
| Dimensiones | 27 x 21 cm |
| 500 ## - NOTA GENERAL | |
| Nota general | Aportes a la publicación de varias entidades educativas de México, Guatemala, República Dominicana, Nicaragua, El Salvador y Honduras mencionadas en la contraportada interior. Publicación financiada por USAID. |
| 505 ## - NOTA DE CONTENIDO CON FORMATO | |
| Nota de contenido con formato | Presentación |<br/>MÓDULO I. Innovación de la tradición docente: la utopía común |<br/>MÓDULO II. Del aula que tenemos al aula que queremos: innovación con los textos narrativos |<br/>MÓDULO III. Conquistemos el mundo de los textos narrativos |<br/>MÓDULO IV. Los proyectos educativos: una alternativa en la enseñanza de la lectoescritura<br/> |
| 650 #7 - PUNTO DE ACCESO ADICIONAL DE MATERIA--TÉRMINO DE MATERIA | |
| Fuente del encabezamiento o término | lemb |
| Término de materia o nombre geográfico como elemento de entrada | Comunicación oral |
| Subdivisión general | Enseñanza |
| 9 (RLIN) | 197183 |
| 650 #7 - PUNTO DE ACCESO ADICIONAL DE MATERIA--TÉRMINO DE MATERIA | |
| Fuente del encabezamiento o término | lemb |
| Término de materia o nombre geográfico como elemento de entrada | Comunicación escrita |
| Subdivisión general | Enseñanza |
| 9 (RLIN) | 197184 |
| 650 #7 - PUNTO DE ACCESO ADICIONAL DE MATERIA--TÉRMINO DE MATERIA | |
| Fuente del encabezamiento o término | lemb |
| Término de materia o nombre geográfico como elemento de entrada | Formación profesional de maestros |
| 700 10 - PUNTO DE ACCESO ADICIONAL--NOMBRE DE PERSONA | |
| Nombre de persona | Fromm Cea, Lidia |
| 9 (RLIN) | 196831 |
| Término indicativo de función/relación | redacción |
| 700 10 - PUNTO DE ACCESO ADICIONAL--NOMBRE DE PERSONA | |
| Nombre de persona | Martínez, José Benito |
| 9 (RLIN) | 196832 |
| Término indicativo de función/relación | redacción |
| -- | revisión |
| 700 10 - PUNTO DE ACCESO ADICIONAL--NOMBRE DE PERSONA | |
| Nombre de persona | Díaz, Jorge |
| 9 (RLIN) | 196833 |
| Término indicativo de función/relación | redacción |
| -- | diseñador |
| -- | diagramador |
| 700 10 - PUNTO DE ACCESO ADICIONAL--NOMBRE DE PERSONA | |
| Nombre de persona | Gómez Hinestroza, Geovany |
| 9 (RLIN) | 196834 |
| Término indicativo de función/relación | redacción |
| 700 10 - PUNTO DE ACCESO ADICIONAL--NOMBRE DE PERSONA | |
| Nombre de persona | Güty, Sonia |
| 9 (RLIN) | 196835 |
| Término indicativo de función/relación | redacción |
| 700 10 - PUNTO DE ACCESO ADICIONAL--NOMBRE DE PERSONA | |
| Nombre de persona | Arellano, Viena |
| 9 (RLIN) | 196836 |
| Término indicativo de función/relación | redacción |
| 700 10 - PUNTO DE ACCESO ADICIONAL--NOMBRE DE PERSONA | |
| Nombre de persona | Ulloa, Gloria Ester |
| 9 (RLIN) | 196837 |
| Término indicativo de función/relación | revisión |
| 700 10 - PUNTO DE ACCESO ADICIONAL--NOMBRE DE PERSONA | |
| Nombre de persona | Matute, Emma |
| 9 (RLIN) | 196838 |
| Término indicativo de función/relación | revisión |
| 700 10 - PUNTO DE ACCESO ADICIONAL--NOMBRE DE PERSONA | |
| Nombre de persona | Mejía R., Marco Tulio |
| 9 (RLIN) | 196839 |
| Término indicativo de función/relación | presentador |
| 700 10 - PUNTO DE ACCESO ADICIONAL--NOMBRE DE PERSONA | |
| Nombre de persona | Banegas, Francisco |
| 9 (RLIN) | 196840 |
| Término indicativo de función/relación | diseñador |
| -- | diagramador |
| 942 ## - ELEMENTOS DE PUNTO DE ACCESO ADICIONAL (KOHA) | |
| Fuente del sistema de clasificación o colocación | Sistema de Clasificación Decimal Dewey |
| Tipo de ítem Koha | Libro (general) |
| Estado de retiro | Estado de pérdida | Fuente del sistema de clasificación o colocación | No para préstamo | Código de colección | Localización permanente | Fecha de adquisición | Total de préstamos | Signatura topográfica completa | Código de barras | Fecha visto por última vez | Número de copia | Precio válido a partir de | Tipo de ítem Koha |
|---|---|---|---|---|---|---|---|---|---|---|---|---|---|
| Disponible | Sistema de Clasificación Decimal Dewey | General | Biblioteca Central UNIBE | 10/06/2025 | 372.41 L566c | 250723 | 01/07/2025 | Ej. 1 | 01/07/2025 | Libro (general) |